<?xml version="1.0" encoding="UTF-8"?>
<record
    xmlns:xsi="http://www.w3.org/2001/XMLSchema-instance"
    xsi:schemaLocation="http://www.loc.gov/MARC21/slim http://www.loc.gov/standards/marcxml/schema/MARC21slim.xsd"
    xmlns="http://www.loc.gov/MARC21/slim">

  <leader>00317nam a22001217a 4500</leader>
  <controlfield tag="008">180515b        xxu||||| |||| 00| 0 eng d</controlfield>
  <datafield tag="041" ind1=" " ind2=" ">
    <subfield code="a">eng</subfield>
  </datafield>
  <datafield tag="080" ind1=" " ind2=" ">
    <subfield code="a">043.3</subfield>
  </datafield>
  <datafield tag="100" ind1=" " ind2=" ">
    <subfield code="a">0</subfield>
  </datafield>
  <datafield tag="101" ind1=" " ind2=" ">
    <subfield code="a">SHKI-MA</subfield>
  </datafield>
  <datafield tag="245" ind1=" " ind2=" ">
    <subfield code="a">Ndikimi i Rrjeteve Brezgjera (Broadband) ne Zhvillimin Socio-Ekonomik</subfield>
    <subfield code="c">Radoniqi, Y.K</subfield>
  </datafield>
  <datafield tag="942" ind1=" " ind2=" ">
    <subfield code="2">udc</subfield>
    <subfield code="c">BK</subfield>
  </datafield>
  <datafield tag="999" ind1=" " ind2=" ">
    <subfield code="c">45801</subfield>
    <subfield code="d">45801</subfield>
  </datafield>
  <datafield tag="952" ind1=" " ind2=" ">
    <subfield code="0">0</subfield>
    <subfield code="1">0</subfield>
    <subfield code="2">udc</subfield>
    <subfield code="4">0</subfield>
    <subfield code="7">0</subfield>
    <subfield code="8">P&#xCB;KG</subfield>
    <subfield code="a">002</subfield>
    <subfield code="b">002</subfield>
    <subfield code="c">Disertacionet</subfield>
    <subfield code="d">2018-05-15</subfield>
    <subfield code="l">0</subfield>
    <subfield code="o">043.3 Radoniqi, Y.K 2014</subfield>
    <subfield code="p">002-3003958</subfield>
    <subfield code="r">2018-05-15</subfield>
    <subfield code="w">2018-05-15</subfield>
    <subfield code="y">BK</subfield>
  </datafield>
  <datafield tag="952" ind1=" " ind2=" ">
    <subfield code="0">0</subfield>
    <subfield code="1">0</subfield>
    <subfield code="2">udc</subfield>
    <subfield code="4">0</subfield>
    <subfield code="7">0</subfield>
    <subfield code="8">P&#xCB;KG</subfield>
    <subfield code="a">002</subfield>
    <subfield code="b">002</subfield>
    <subfield code="c">Disertacionet</subfield>
    <subfield code="d">2018-05-15</subfield>
    <subfield code="l">0</subfield>
    <subfield code="o">043.3 Radoniqi, Y.K 2014</subfield>
    <subfield code="p">002-3003956</subfield>
    <subfield code="r">2018-05-15</subfield>
    <subfield code="w">2018-05-15</subfield>
    <subfield code="y">BK</subfield>
  </datafield>
  <datafield tag="952" ind1=" " ind2=" ">
    <subfield code="0">0</subfield>
    <subfield code="1">0</subfield>
    <subfield code="2">udc</subfield>
    <subfield code="4">0</subfield>
    <subfield code="7">0</subfield>
    <subfield code="8">P&#xCB;KG</subfield>
    <subfield code="a">002</subfield>
    <subfield code="b">002</subfield>
    <subfield code="c">Disertacionet</subfield>
    <subfield code="d">2018-05-15</subfield>
    <subfield code="l">0</subfield>
    <subfield code="o">043.3 Radoniqi, Y.K 2014</subfield>
    <subfield code="p">002-3003957</subfield>
    <subfield code="r">2018-05-15</subfield>
    <subfield code="w">2018-05-15</subfield>
    <subfield code="y">BK</subfield>
  </datafield>
  <datafield tag="952" ind1=" " ind2=" ">
    <subfield code="0">0</subfield>
    <subfield code="1">0</subfield>
    <subfield code="2">udc</subfield>
    <subfield code="4">0</subfield>
    <subfield code="7">0</subfield>
    <subfield code="8">P&#xCB;KG</subfield>
    <subfield code="a">002</subfield>
    <subfield code="b">002</subfield>
    <subfield code="c">Disertacionet</subfield>
    <subfield code="d">2018-05-15</subfield>
    <subfield code="l">0</subfield>
    <subfield code="o">043.3 Radoniqi, Y.K 2014</subfield>
    <subfield code="p">002-3003960</subfield>
    <subfield code="r">2018-05-15</subfield>
    <subfield code="w">2018-05-15</subfield>
    <subfield code="y">BK</subfield>
  </datafield>
</record>
